[Event "CADAP MLP-01/2003 email"]
[Site "CADAP email"]
[Date "2003.11.01"]
[Round "?"]
[White "Gonzalez, Juan Bautista"]
[Black "Martins Segalla, JG."]
[Result "1-0"]
[WhiteElo "1963"]
[BlackElo "2338"]
[PlyCount "79"]
[EventDate "2005.??.??"]
[EventType "tourn (corr)"]
[EventRounds "14"]
[EventCountry "ARG"]
[SourceTitle "Corr 2008"]
[Source "ChessBase"]
[SourceDate "2008.06.24"]
[SourceVersion "1"]
[SourceVersionDate "2008.06.24"]
[SourceQuality "1"]

1. d4 d5 2. Nf3 Nf6 3. g3 c6 4. Bg2 Bf5 5. 0-0 h6 6. Re1 e6 7. Nbd2 Nbd7 8. c4 Qc7 9. Nh4 Bh7 10. Qb3 g5 11. Nhf3 0-0-0 12. h3 Kb8 13. a4 c5 14. a5 cxd4 15. Nxd4 Bc5 16. Nb5 Qc6 17. e3 Ne5 18. cxd5 Nxd5 19. Nf3 Nxf3+ 20. Bxf3 Bb4 21. Nd4 Qc5 22. a6 Nb6 23. Re2 e5 24. Nc2 Bxc2 25. Rxc2 Qe7 26. Bxb7 f5 27. Rc6 e4 28. Qc2 Nd7 29. Bd2 Bxd2 30. Qxd2 Ne5 31. Qa5 Nxc6 32. Bxc6 Rd3 33. Qb5+ Kc7 34. Rc1 Kd6 35. f4 Rc8 36. g4 fxg4 37. hxg4 gxf4 38. Qc5+ Ke6 39. Qf5+ Kd6 40. Qxc8 1-0